Quelle grandeur ? - Statistiques

Statistiques générales
  • Ce quiz a été pris 139 fois
  • Le résultat moyen est 8 sur 20
Statistiques - réponses
Hint Réponse % Correct
Usain Bolt l'a couru en 19,19 secondes 200 m
80%
Hauteur de la Tour Eiffel 330 m
80%
Plus grand être humain enregistré 3 m
80%
Hauteur du Mont Everest 8 849 m
75%
Distance d'un marathon 42 000 m
74%
Cinq-milles hectomètres 500 000 m
52%
Plus long saut en longueur 9 m
49%
Longueur d'un terrain de basketball 28 m
41%
Longueur moyenne d'un tyrannosaure 13 m
33%
Plus haut saut de l'espace 39 000 m
32%
Distance parcourue par un ours polaire en une minute 400 m
32%
Rayon de la Terre 6 371 000 m
30%
Longueur de la Seine 775 000 m
28%
Longueur d'une limousine 5 m
25%
Longueur de la Muraille de Chine 21 196 000 m
22%
Longueur du pont le plus long 1 991 m
17%
Distance entre New York et Los Angeles 3 936 000 m
17%
Longueur des racines d'un saule pleureur 25 m
14%
Distance de migration des monarques 5 000 000 m
14%
Épaisseur croûte terrestre 5 000 m
7%
Aucun quiz correspondant
Distribution des résultats
% des personnes avec chaque résultat
Percentile par nombre de réponses
Votre historique - résultats
Vous n’avez pas pris ce quiz